000 01503nam2a22003491 4500
001 v19\rc\1353706
005 20250618024857.0
035 _a(NLR Aleph) 004455846
090 _a4494900
_c4494900
100 _a20060512d1890 |||y0rusy50 ca
101 0 _arus
102 _aRU
105 _aa z |||||
135 _acrbn 001auaba
200 0 _aна 1891 год
_eГод 4-й
_fСост. П.В. Кругликов
210 _d1890
_aБ. м.
215 _aРазд. паг., 5 л. ил.
325 _aКопия доступна в Электрон. б-ке РНБ http://vivaldi.nlr.ru/bx000001528/view
461 0 _1001v19\rc\1353686
_12001#$aПамятная книжка Самарской губернии ...$vна 1891 год$90
_94494811
_cСамара
_d1864-1915
_nСамар. губ. стат. ком.
_tПамятная книжка Самарской губернии ...
_vна 1891 год$90
702 1 _aКругликов
_bП.В.
_gПетр Владимирович
_4220
801 0 _aRU
_bNLR
_gpsbo
801 0 _aRU
_bRuMoRGB
_2psbo
801 1 _aRU
_bProSoft-M
_2rusmarc
852 _aNLR
_jС595Сам/П15
899 _aRuMoRGB (1863-1915*)
_jF 191/172
899 _aГПИБ (1863-1915*)
899 _aRuMoRGB (1863-1915*)
_jA 177/141
942 _cBOOK
980 _aNB
981 2 6 _a(26) Памятные книжки губерний Российской империи
_b(26) Самарская губерния